[Event "XVIII Najdorf Open 2018"]
[Site "Warsaw"]
[Date "2018.07.14"]
[Round "7"]
[White "Das, Arghyadip"]
[Black "Kanarek, Marcel"]
[Result "1/2-1/2"]
[WhiteElo "2435"]
[BlackElo "2508"]
[Annotator "TA"]
[PlyCount "141"]
[EventDate "2018.07.08"]
[EventCountry "POL"]
[SourceTitle "playchess.com"]
[Source "ChessBase"]
[SourceQuality "1"]

{[%evp 23,141,31,30,0,0,0,0,-21,-16,-16,0,-15,-17,-35,0,14,70,64,70,-42,-10,-39,-24,-24,-16,-65,-59,-54,-48,-76,-76,-76,-76,-76,-76,-76,-76,-76,-76,-76,-75,-90,-59,-90,-90,-110,-110,-110,-90,-110,-90,-110,-110,-110,-110,-110,-90,-110,-110,-110,-110,-110,-110,-110,-110,-110,-110,-110,-110,-110,-110,-110,-110,-110,-110,-110,-110,-110,-110,-110,-110,-110,-110,-110,-10,-10,-10,-10,0,0,0,0,0,0,0,0,0,0,0,0,0,0,0,0,0,0,0,0,0,0,0,0,0,0,0,0,0,0,0,0]} 1. e4 {Golod,V} c5 2. Nf3 e6 3. d4 cxd4 4. Nxd4 Nf6 5. Nc3 Nc6 6. Nxc6 bxc6 7. e5 Nd5 8. Ne4 Bb7 9. Be2 {B45: Sicilian Four Knights} c5 10. O-O Qc7 11. Nd6+ Bxd6 12. exd6 Qc6 {LiveBook: 57 Games} 13. Bf3 c4 {[#]} 14. Qe2 $146 ({Predecessor:} 14. Bxd5 Qxd5 15. Qxd5 Bxd5 16. f3 f6 {0-1 (50) Mitkov,N (2529)-Hernandez,G (2546) Merida 2002 CBM 093 [Golod,V]}) 14... Qxd6 15. Rd1 Rc8 16. b3 Qc5 {Hoping for ...Nc3.} 17. Bxd5 Bxd5 18. Be3 Qe7 19. Bxa7 Qg5 (19... d6 $11) 20. f3 $14 O-O {[%cal Bh8f8,Bf8c8,Bc8c4][%mdl 32]} 21. Rd4 ({Better is} 21. b4 $1 $14) 21... Qf6 {Threatens to win with ...Rc7.} 22. Rad1 {[%cal Rb3c4]} Ra8 23. Bc5 Rfc8 24. Bd6 {[%cal Rb3c4]} Rxa2 25. bxc4 {[#]} Ra1 $1 $36 {[%mdl 2560] Black has good play.} 26. Be5 (26. Rxa1 Qxd4+) 26... Rxd1+ 27. Rxd1 Bxc4 28. Qxc4 Rxc4 29. Bxf6 gxf6 30. Rxd7 Rxc2 $17 {[%mdl 4096] Endgame KR-KR} 31. h3 f5 {[%cal Bf6f5,Bf5f4][%mdl 32]} 32. Kh2 Rc4 33. Kg3 f4+ 34. Kh2 Kg7 35. Ra7 Rc1 36. Rb7 Kg6 37. Ra7 e5 38. Ra6+ f6 39. Rb6 Kg5 40. Rb7 h5 41. Rg7+ Kh6 42. Re7 Re1 43. Re8 Kg7 44. Re7+ Kg6 45. Re8 Ra1 46. Rg8+ {[#]} Kh7 $1 {[%cal Rh7g8]} 47. Re8 Kg7 48. Re7+ Kg6 49. Re8 Ra5 50. Rg8+ {[#]} Kh7 $1 {[%cal Rh7g8]} 51. Re8 Kg7 52. Re7+ Kg6 53. Re8 f5 (53... Ra7 $17 54. h4 Kg7) 54. Rf8 $11 {The position is equal.} Ra1 55. h4 Rf1 56. Re8 Kf6 57. Rf8+ $1 Ke6 {...e4 is the strong threat.} 58. Re8+ $1 Kd6 59. Rd8+ $1 Ke6 60. Re8+ $1 Kd6 61. Rd8+ $1 Ke7 62. Rh8 e4 63. fxe4 fxe4 64. Rxh5 Kf6 65. Rh8 $1 Kf7 {aiming for ...e3.} 66. Rh7+ Kg6 67. Re7 e3 {And now ...Kh5 would win.} 68. g3 Rf2+ 69. Kg1 fxg3 {( -> ...e2)} 70. Rxe3 Rf4 71. Rxg3+ {Precision: White = 69%, Black = 55%.} 1/2-1/2

[Event "XVIII Najdorf Open 2018"]
[Site "Warsaw"]
[Date "2018.07.14"]
[Round "7"]
[White "Sieciechowicz, Marcin"]
[Black "Bernadskiy, Vitaliy"]
[Result "0-1"]
[WhiteElo "2410"]
[BlackElo "2586"]
[Annotator "TA"]
[PlyCount "96"]
[EventDate "2018.07.08"]
[EventCountry "POL"]
[SourceTitle "playchess.com"]
[Source "ChessBase"]
[SourceQuality "1"]

{[%evp 16,96,-10,-6,0,-7,-11,-8,0,-10,8,-18,0,0,0,-14,0,0,23,23,30,0,0,-24,-41,-44,-54,-68,0,0,0,0,0,-71,-54,-71,-25,-77,0,0,0,-4,-7,-18,0,-8,-12,-24,0,0,0,0,0,0,0,-6,-8,-8,-6,-25,0,0,0,-423,-426,-672,-681,-820,-803,-790,-781,-733,-683,-683,-488,-620,-485,-435,-271,-430,-429,-508,-489]} 1. d4 Nf6 2. c4 e6 3. Nc3 Bb4 4. e3 O-O 5. Nge2 d5 6. a3 Bd6 7. Ng3 b6 {E46: Nimzo-Indian: Rubinstein: 4 e3 0-0 5 Ne2 without early Bd3} 8. cxd5 exd5 9. Bd3 {LiveBook: 10 Games} Ba6 $146 {The position is equal.} ({Predecessor:} 9... c5 10. O-O Bg4 11. f3 Be6 12. f4 Bg4 13. Qc2 Nc6 14. dxc5 bxc5 15. h3 {0-1 (42) Brown,M (2497)-Sarana,A (2577) chess.com INT 2018}) 10. O-O Bxd3 11. Qxd3 Nc6 12. b4 Re8 13. f3 Bxg3 14. hxg3 h5 15. Bd2 Qd6 16. Rac1 a6 ({And not} 16... Qxg3 17. Nb5 $16) 17. Ne2 Ne7 18. Qc2 Rac8 19. e4 dxe4 20. fxe4 {[#] Black must now prevent e5.} Qe6 21. Nc3 Rcd8 ({Black should play} 21... Ng6 $15) 22. d5 $11 Qg4 23. Bf4 c6 {[%cal Rc6d5]} 24. dxc6 (24. Qf2 $11) 24... Nxc6 $17 25. Bc7 Rc8 26. Bxb6 (26. Rxf6 $11 gxf6 27. Nd5) 26... Qxg3 (26... Ne5 $17 27. Rce1 Rc4) 27. Qf2 $36 {[%mdl 2048] White has the initiative.} Qg6 {Threatening ...Ne5.} 28. Qf5 $1 Ne7 29. Qxg6 Nxg6 30. Bd4 Ng4 31. Bc5 N4e5 {With the idea ...Nd3.} 32. Rcd1 Nc4 33. Rd7 f6 34. Nd5 {Strongly threatening Rxf6!} Rc6 35. Rc7 Rxc7 36. Nxc7 Rxe4 37. a4 $1 Nd2 38. Rd1 Re2 39. Be3 $2 {[%mdl 8192]} (39. Bf2 $11 {and White has nothing to worry.}) 39... Ne4 $19 ({Worse is} 39... Rxe3 40. Rxd2 Ne5 41. Nxa6 $11) 40. Rd8+ (40. Nd5 $142 Nh4 41. Rd3) 40... Kh7 {( -> ...Re1+)} 41. Bd4 Nf4 42. Nd5 Rxg2+ 43. Kf1 Nd2+ 44. Ke1 Nd3+ 45. Kd1 Nc4 {[%csl Gc4][%cal Rg2d2]} 46. Bc3 Ncb2+ 47. Bxb2 Nxb2+ (47... Rxb2 $2 {[#]} 48. Nxf6+ $1 {[%mdl 512]} gxf6 49. Rxd3 $19) 48. Kc1 Nxa4 {Precision: White = 47%, Black = 52%.} 0-1

[Event "XVIII Najdorf Open 2018"]
[Site "Warsaw"]
[Date "2018.07.14"]
[Round "7"]
[White "Percivaldi, Martin"]
[Black "Mehar, Chinna Reddy CH"]
[Result "1/2-1/2"]
[WhiteElo "2393"]
[BlackElo "2286"]
[Annotator "NA"]
[PlyCount "86"]
[EventDate "2018.07.08"]
[EventCountry "POL"]
[SourceTitle "playchess.com"]
[Source "ChessBase"]
[SourceQuality "1"]

1. d4 d5 2. c4 c6 3. Nf3 Nf6 4. Nc3 a6 5. c5 Nbd7 6. Bf4 Nh5 7. Bd2 Nhf6 8. Qc2 g6 9. h3 Bg7 10. Bf4 O-O 11. e3 b6 12. b4 bxc5 13. bxc5 Ne4 14. Nxe4 dxe4 15. Nd2 Qa5 16. Be2 e5 17. dxe5 Nxe5 18. O-O Nd3 19. Bd6 Bxa1 20. Rxa1 Re8 21. Bxd3 exd3 22. Qxd3 Qa4 23. Nc4 Bf5 24. Qc3 Rad8 25. Nb6 Qh4 26. Rd1 Be4 27. Qc4 Qg5 28. Qf1 a5 29. Kh1 Bf5 30. Rd4 Re4 31. Rxe4 Bxe4 32. f3 Bf5 33. Qf2 Be6 34. e4 Qc1+ 35. Kh2 Qb1 36. a4 h6 37. Qd4 Qb4 38. Qe5 Qd2 39. h4 Qf2 40. Qg3 Qe3 41. Qe5 Qf2 42. Qg3 Qe3 43. Qe5 Kh7 1/2-1/2

[Event "XVIII Najdorf Open 2018"]
[Site "Warsaw"]
[Date "2018.07.14"]
[Round "7"]
[White "Zylka, Stanislaw"]
[Black "Mulet, Piotr"]
[Result "0-1"]
[WhiteElo "2380"]
[BlackElo "2202"]
[Annotator "NA"]
[PlyCount "84"]
[EventDate "2018.07.08"]
[EventCountry "POL"]
[SourceTitle "playchess.com"]
[Source "ChessBase"]
[SourceQuality "1"]

1. c4 e5 2. Nc3 Nc6 3. g3 Nf6 4. Bg2 Bc5 5. Nf3 d6 6. O-O O-O 7. e3 Bg4 8. h3 Bh5 9. g4 Bg6 10. d4 Bb6 11. a3 a5 12. d5 Nb8 13. Nh4 Ne4 14. Nxg6 Nxc3 15. Qc2 fxg6 16. Qxc3 a4 17. Kh2 Nd7 18. f4 Qe7 19. b4 axb3 20. Qxb3 g5 21. f5 e4 22. Ra2 Qe5+ 23. Kh1 Nc5 24. Qb1 Nd3 25. Bd2 Qg3 26. a4 Nf2+ 27. Rxf2 Qxf2 28. Qb3 Bc5 29. a5 g6 30. Qc3 Qe2 31. Bxe4 Rae8 32. Bg2 Bxe3 33. Bxe3 Qxe3 34. Qxe3 Rxe3 35. fxg6 hxg6 36. Rb2 Ra8 37. Rxb7 Rxa5 38. Rxc7 Ra1+ 39. Kh2 Ra2 40. c5 Ree2 41. cxd6 Rxg2+ 42. Kh1 Rgd2 0-1

[Event "XVIII Najdorf Open 2018"]
[Site "Warsaw"]
[Date "2018.07.14"]
[Round "7"]
[White "Karpus, Michal"]
[Black "Sliwicka, Alicja"]
[Result "1/2-1/2"]
[WhiteElo "2364"]
[BlackElo "2277"]
[Annotator "NA"]
[PlyCount "88"]
[EventDate "2018.07.08"]
[EventCountry "POL"]
[SourceTitle "playchess.com"]
[Source "ChessBase"]
[SourceQuality "1"]

1. e4 e5 2. Nf3 Nc6 3. Bb5 a6 4. Ba4 Nf6 5. O-O Be7 6. Re1 b5 7. Bb3 d6 8. c3 O-O 9. h3 Nb8 10. d4 Nbd7 11. Nbd2 Bb7 12. Bc2 Re8 13. Nf1 Bf8 14. Ng3 g6 15. a4 c5 16. d5 c4 17. Bg5 Nc5 18. Qd2 Be7 19. Bh6 Nfd7 20. a5 Bc8 21. Nh2 f6 22. Rf1 Nb7 23. f4 exf4 24. Qxf4 Ne5 25. Qf2 Nxa5 26. Nf5 Bf8 27. Bxf8 Rxf8 28. Nxd6 Qxd6 29. Rxa5 Bd7 30. Qd4 Rae8 31. Raa1 Bc8 32. Nf3 Rf7 33. b3 Rc7 34. b4 Rf7 35. Qc5 Qd8 36. Nd4 Rc7 37. Qb6 Rf7 38. Rxa6 Bxa6 39. Qxa6 Qa8 40. Qxb5 Rb8 41. Qc5 Rc8 42. Qd6 Rd8 43. Qb6 Rb8 44. Qe6 Re8 1/2-1/2

[Event "XVIII Najdorf Open 2018"]
[Site "Warsaw"]
[Date "2018.07.14"]
[Round "7"]
[White "Lewtak, Damian"]
[Black "Wieczorek, Oskar"]
[Result "0-1"]
[WhiteElo "2358"]
[BlackElo "2469"]
[Annotator "TA"]
[PlyCount "104"]
[EventDate "2018.07.08"]
[EventCountry "POL"]
[SourceTitle "playchess.com"]
[Source "ChessBase"]
[SourceQuality "1"]

{[%evp 12,104,0,-13,34,33,29,18,20,14,20,-29,-10,-8,208,197,220,196,225,156,162,162,200,115,107,109,99,102,123,125,135,28,43,37,67,-100,-86,-100,-98,-180,-139,-212,-164,-162,-146,-157,-141,-184,-180,-169,0,-72,-78,-81,85,-613,-599,-568,-74,-89,-74,-79,-59,-301,-300,-551,-525,-525,-512,-504,-497,-487,-464,-640,-633,-614,-609,-901,-841,-1343,-1337,-1232,-1134,-1447,-1402,-1312,-1257,-5247,-5239,-5355,-5339,-2212,-3045,-5411,-5355]} 1. d4 Nf6 2. Bf4 g6 3. c3 Bg7 4. h3 O-O 5. Nf3 d6 6. Nbd2 Nc6 {A48: Königsindisch (ohne c2-c4)} (6... Nbd7 7. Bh2 b6 8. e4 e5 9. Bd3 Bb7 10. O-O Nh5 11. Re1 Bh6 12. Nc4 {½-½ (12) Berkes,F (2645)-Vovk,A (2641) Hungary 2017}) 7. e4 {LiveBook: 4 Partien} Nh5 8. Bg5 h6 $146 {Weiß steht etwas besser.} ({Vorgänger:} 8... Qe8 9. Bb5 a6 10. Ba4 e5 11. dxe5 dxe5 12. Be3 Nf4 13. O-O b5 14. Bb3 {1-0 (29) Bojarinov,V (2312)-Pokhlebkin,V (2122) Nizhnij Novgorod 2008}) 9. g4 {[%cal Bg2g4,Bg4g5,Bg5h6][%mdl 32]} Nf6 10. Be3 e5 11. d5 Ne7 12. g5 Nh7 $2 (12... hxg5 $11 13. Nxg5 c6) 13. gxh6 $18 Bf6 14. h4 Kh8 15. Bh3 Bxh3 16. Rxh3 c6 17. c4 ({Günstiger ist} 17. dxc6 $18 Nxc6 18. Qb3) 17... cxd5 $16 18. cxd5 Ng8 19. Qb3 Qd7 20. Rg3 Be7 21. Nc4 ({Besser ist} 21. h5 $16) 21... Ngf6 22. Qd3 Nh5 23. Nfxe5 $2 (23. Rg1 $14) 23... dxe5 $17 24. Nxe5 Qe8 25. Bd4 (25. Rg1 $17) 25... Kg8 $1 $19 26. Rg4 (26. O-O-O $17 {ist eine bessere Verteidigung.}) 26... Bf6 27. Nxg6 fxg6 28. e5 Kh8 ({Viel schwächer wäre} 28... Bxe5 $6 29. Rxg6+ Ng7 30. Bxe5 $11) 29. Re4 Bd8 30. O-O-O Nf4 $2 (30... Rf5 $19 {Weiss muss nun ...Sf4 beachten.} 31. Kb1 Nf8 32. e6+ Bf6) 31. e6+ (31. Qb3 $1 $11) 31... Kg8 $17 32. Qb3 Bxh4 $2 (32... Be7 $17 {bleibt auf Kurs. ...Td8 ist eine echte Drohung.} 33. Bc3 Rd8 34. Qxb7 Nh5 35. Qxa7 Rf5) 33. d6 $2 {[%mdl 8192]} (33. Bc3 $16) 33... Qc6+ $19 34. Qc2 {[#] Schwarz sollte Dxc6 verhindern.} Qxc2+ $2 (34... Nd3+ $1 $19 {ist viel giftiger.} 35. Rxd3 Qxe4) 35. Kxc2 $17 Nxe6 36. Rxe6 {[#]} Bf6 $1 37. Bc5 $2 (37. Kb3 $15) 37... Kf7 $19 38. Re3 $2 (38. Rde1 Rfc8 39. b4) 38... Rac8 {Schwarz steht klar auf Gewinn.} 39. b4 b6 40. Ra3 a5 41. d7 Rc7 42. Kb3 bxc5 43. b5 c4+ {[%cal Bc5c4,Bc4c3,Bc3c2][%mdl 32]} 44. Ka4 c3 45. b6 Rc5 46. Rb3 Rb8 47. b7 Nf8 48. Rb6 Bd8 49. Rb3 c2 50. Rc1 Nxd7 51. h7 Bf6 52. Rb5 Bg5 {Precision: Weiß = 24%, Schwarz = 50%.} 0-1

[Event "XVIII Najdorf Open 2018"]
[Site "Warsaw"]
[Date "2018.07.14"]
[Round "7"]
[White "Deszczynski, Adam"]
[Black "Al Huwar, Jasem"]
[Result "1-0"]
[WhiteElo "2345"]
[BlackElo "2259"]
[Annotator "NA"]
[PlyCount "65"]
[EventDate "2018.07.08"]
[EventCountry "POL"]
[SourceTitle "playchess.com"]
[Source "ChessBase"]
[SourceQuality "1"]

1. Nf3 c6 2. g3 d5 3. Bg2 Bg4 4. d3 Nf6 5. O-O e6 6. Nbd2 Be7 7. e4 O-O 8. Re1 Qc7 9. b3 a5 10. a3 a4 11. b4 c5 12. b5 dxe4 13. Nxe4 Nxe4 14. Rxe4 Bf5 15. Re1 Bf6 16. Bf4 Qa5 17. Ne5 Bxe5 18. Bxe5 Ra7 19. Rb1 b6 20. g4 Bg6 21. h4 h6 22. h5 Bh7 23. Qc1 Nd7 24. Bb2 Re8 25. Bc6 f6 26. Qf4 Kf7 27. Re2 Re7 28. Rbe1 Nf8 29. Be5 Rad7 30. Bd6 e5 31. Qc4+ Ne6 32. Bxd7 Rxd7 33. Bxe5 1-0

[Event "XVIII Najdorf Open 2018"]
[Site "Warsaw"]
[Date "2018.07.14"]
[Round "7"]
[White "Oglaza, Oskar"]
[Black "Spitzl, Vinzent"]
[Result "1/2-1/2"]
[WhiteElo "2344"]
[BlackElo "2241"]
[Annotator "NA"]
[PlyCount "75"]
[EventDate "2018.07.08"]
[EventCountry "POL"]
[SourceTitle "playchess.com"]
[Source "ChessBase"]
[SourceQuality "1"]

1. d4 d5 2. c4 e6 3. Nc3 Bb4 4. Nf3 Nf6 5. Qb3 c5 6. dxc5 Na6 7. cxd5 Qxd5 8. Qxb4 Nxb4 9. Nxd5 Nfxd5 10. Kd1 Bd7 11. Bd2 a5 12. Ne5 Rc8 13. Nxd7 Kxd7 14. a3 Na6 15. e4 Nf6 16. Bxa6 bxa6 17. f3 Rxc5 18. Bc3 e5 19. Ke2 Ke6 20. Rhd1 Rhc8 21. Rd3 Ne8 22. Rad1 R8c6 23. f4 exf4 24. Rd8 Nf6 25. Kf3 g5 26. h4 h6 27. Bd4 Rc4 28. hxg5 hxg5 29. Rh1 Rxd4 30. Rxd4 Rc2 31. Rhd1 Rxb2 32. R1d2 Rxd2 33. Rxd2 Ke5 34. Rd8 g4+ 35. Ke2 Kxe4 36. Rf8 f3+ 37. Kf2 fxg2 38. Rxf7 1/2-1/2

[Event "XVIII Najdorf Open 2018"]
[Site "Warsaw"]
[Date "2018.07.14"]
[Round "7"]
[White "Warakomska, Anna"]
[Black "Chomczyk, Marek"]
[Result "0-1"]
[WhiteElo "2342"]
[BlackElo "2247"]
[Annotator "NA"]
[PlyCount "72"]
[EventDate "2018.07.08"]
[EventCountry "POL"]
[SourceTitle "playchess.com"]
[Source "ChessBase"]
[SourceQuality "1"]

1. e4 c6 2. d4 d5 3. e5 Bf5 4. h4 h6 5. g4 Be4 6. f3 Bh7 7. e6 fxe6 8. Bd3 e5 9. Bxh7 Rxh7 10. dxe5 e6 11. Ne2 Qc7 12. Qd3 Rh8 13. Bf4 Qf7 14. Nd2 Nd7 15. h5 Ne7 16. Bg3 O-O-O 17. O-O-O c5 18. f4 c4 19. Qe3 Nc6 20. Nf3 Bc5 21. Nfd4 Bb6 22. f5 Nc5 23. Qf4 Rhf8 24. Nxc6 bxc6 25. Nd4 Kb7 26. Rhf1 Rde8 27. Bh2 c3 28. b4 Bd8 29. f6 Ne4 30. Rfe1 gxf6 31. Rxe4 f5 32. Nxf5 exf5 33. e6 Bg5 34. exf7 Rxe4 35. Qxg5 hxg5 36. gxf5 Rxf7 0-1

[Event "XVIII Najdorf Open 2018"]
[Site "Warsaw"]
[Date "2018.07.14"]
[Round "7"]
[White "Paszewski, Mateusz"]
[Black "Zaleski, Lukasz"]
[Result "0-1"]
[WhiteElo "2322"]
[BlackElo "2029"]
[Annotator "ChessBase"]
[PlyCount "90"]
[EventDate "2018.07.08"]
[EventCountry "POL"]
[SourceTitle "playchess.com"]
[Source "ChessBase"]
[SourceQuality "1"]

1. e4 e6 2. d4 d5 3. Nd2 h6 4. Ngf3 Nf6 5. e5 Nfd7 6. Bd3 c5 7. c3 Nc6 8. O-O g5 9. h3 h5 10. Nb3 c4 11. Nxg5 cxd3 12. Qxd3 Nb6 13. f4 Nc4 14. Nc5 Bxc5 15. dxc5 Qe7 16. b3 Qxc5+ 17. Kh1 Nb6 18. a4 Ne7 19. Ba3 Qc6 20. Bxe7 Kxe7 21. Qg3 h4 22. Qg4 a5 23. Nf3 Bd7 24. Qg5+ Kf8 25. Nxh4 Rg8 26. Qh6+ Ke7 27. Qf6+ Ke8 28. Nf3 Qc5 29. Qh4 Nc8 30. Ng5 Ne7 31. Rf3 Nf5 32. Qe1 Bc6 33. Kh2 d4 34. cxd4 Qd5 35. Ra2 Ke7 36. Rd2 Rad8 37. Rfd3 Rh8 38. Qf2 b6 39. Nf3 Rdg8 40. Ng5 Bb7 41. Rc3 Rc8 42. Rdc2 Rc6 43. Rxc6 Bxc6 44. Rc4 Ne3 45. Rxc6 Ng4+ 0-1

[Event "XVIII Najdorf Open 2018"]
[Site "Warsaw"]
[Date "2018.07.14"]
[Round "7"]
[White "Zakrzewski, Marek"]
[Black "Heberla, Bartlomiej"]
[Result "0-1"]
[WhiteElo "2309"]
[BlackElo "2563"]
[Annotator "TA"]
[PlyCount "90"]
[EventDate "2018.07.08"]
[EventCountry "POL"]
[SourceTitle "playchess.com"]
[Source "ChessBase"]
[SourceQuality "1"]

{[%evp 22,90,32,30,47,48,45,26,64,29,27,27,25,19,23,-12,0,0,0,0,18,0,23,14,40,-24,-4,-10,-8,-20,-34,-96,-100,-129,-100,-88,-90,-104,-103,-156,-149,-135,-68,-141,-150,-153,-147,-113,-114,-453,-453,-452,-452,-429,-441,-414,-414,-481,-435,-1462,-1462,-1304,-1297,-1134,-1093,-29996,-29997,-29997,-29998,-29998,-29999]} 1. e4 g6 2. d4 Bg7 3. Nc3 c6 4. Nf3 d6 5. Be2 Nf6 6. O-O O-O 7. a4 Qc7 8. h3 Nbd7 9. Be3 b6 10. Nd2 Bb7 11. f4 a6 12. e5 {LiveBook: 9 Partien. B08: Pirc-Ufimzew-Verteidigung} Nd5 13. Nxd5 cxd5 14. Nf3 {Weiß steht etwas besser.} e6 {[%cal Rd6e5]} 15. Bd3 f6 {[%cal Rd6e5]} 16. exd6 Qxd6 {[#]} 17. a5 $146 ({Vorgänger:} 17. c3 f5 18. Ne5 Nf6 19. h4 a5 {1-0 (41) Bachmann,A (2629)-Foisor,C (2390) Caleta 2015}) 17... bxa5 18. Rxa5 Qb6 19. Ra3 a5 20. Qe2 Bc6 21. b3 Rfe8 22. c4 Qb4 23. Ra2 (23. Rfa1 $14) 23... e5 $36 {[%mdl 2048] Schwarz steht aktiver.} 24. dxe5 fxe5 25. cxd5 (25. fxe5 {looks sharper.} Nxe5 26. Nxe5 Rxe5 27. Qd2 Ree8 28. Qxb4 axb4 29. Rxa8 Rxa8 30. Bc5) 25... Bxd5 26. Bc4 (26. Ra4 $15 Qxb3 27. Bc2) 26... Bxc4 $17 27. Qxc4+ Qxc4 28. bxc4 exf4 29. Bxf4 Re4 30. Nd2 (30. Ng5 $142 Rxc4 31. Ne6) 30... Re2 31. Rf3 Bd4+ (31... a4 $17 32. Bd6 {[#]} a3 $1 {[%mdl 512]} 33. Rfxa3 Rxa3 34. Bxa3 Bc3) 32. Kh2 ({Lieber} 32. Kf1 $15 Rae8 33. Bg3) 32... Nc5 33. Rfa3 Rf8 34. Bg3 a4 35. Nf3 $2 {[%mdl 8192] [#]} (35. h4 $17 {nur so!}) 35... Rxf3 $1 $19 {[%mdl 512]} 36. Rxa4 (36. Rxf3 Rxa2) 36... Rxa2 37. Rxa2 Rf1 38. h4 Ne4 39. Ra8+ Kg7 40. Rc8 (40. Rd8 $142 Bc5 41. Be5+ Kf7 42. g3) 40... Nxg3 41. Kxg3 Be5+ 42. Kh3 h5 {[%cal Rf1h1]} 43. g4 Rf2 {[%csl Ge5][%cal Rf2h2] Schwarz setzt Matt.} 44. gxh5 gxh5 {[%csl Ge5][%cal Rf2h2]} 45. Rg8+ Kxg8 {Precision: Weiß = 32%, Schwarz = 64%.} 0-1

[Event "XVIII Najdorf Open 2018"]
[Site "Warsaw"]
[Date "2018.07.14"]
[Round "7"]
[White "Kucza, Karol"]
[Black "Kubicka, Anna"]
[Result "1-0"]
[WhiteElo "2308"]
[BlackElo "2172"]
[Annotator "NA"]
[PlyCount "53"]
[EventDate "2018.07.08"]
[EventCountry "POL"]
[SourceTitle "playchess.com"]
[Source "ChessBase"]
[SourceQuality "1"]

1. e4 c5 2. Nf3 d6 3. d4 cxd4 4. Nxd4 Nf6 5. Nc3 a6 6. Bg5 Nbd7 7. Bc4 g6 8. Qd2 Bg7 9. O-O-O Qc7 10. Bb3 b5 11. Bh6 O-O 12. Bxg7 Kxg7 13. h4 Nc5 14. h5 Nxb3+ 15. axb3 e5 16. Qg5 Ng8 17. Nd5 Qb7 18. Nf5+ Bxf5 19. exf5 f6 20. hxg6 h6 21. Qd2 a5 22. Rh3 a4 23. b4 Rfc8 24. Rdh1 Qc6 25. Kb1 Ra7 26. Rxh6 Kf8 27. Rh8 1-0

[Event "XVIII Najdorf Open 2018"]
[Site "Warsaw"]
[Date "2018.07.14"]
[Round "7"]
[White "Krstulovic, Alex"]
[Black "Chyzy, Jakub"]
[Result "1-0"]
[WhiteElo "2305"]
[BlackElo "2100"]
[Annotator "ChessBase"]
[PlyCount "93"]
[EventDate "2018.07.08"]
[EventCountry "POL"]
[SourceTitle "playchess.com"]
[Source "ChessBase"]
[SourceQuality "1"]

1. d4 Nf6 2. c4 e6 3. Nf3 Bb4+ 4. Bd2 Qe7 5. g3 Nc6 6. Nc3 Bxc3 7. Bxc3 Ne4 8. Rc1 d6 9. Bg2 O-O 10. O-O Nxc3 11. Rxc3 e5 12. d5 Nb8 13. Qc2 a5 14. Nd2 Na6 15. a3 Bd7 16. b3 f5 17. Qb1 c5 18. dxc6 Bxc6 19. b4 Bxg2 20. Kxg2 axb4 21. axb4 b5 22. Qb3 Kh8 23. Rb1 Rab8 24. Qc2 bxc4 25. b5 Nc7 26. Rxc4 Nxb5 27. Qb2 Rb7 28. Rb4 Rfb8 29. Qa2 Qe8 30. Qd5 Qg8 31. Qc6 Nd4 32. Qxb7 Rxb7 33. Rxb7 Nc6 34. R1b6 h6 35. e4 Qa2 36. Rxc6 Qxd2 37. Rc8+ Kh7 38. Rcc7 Qg5 39. Rxg7+ Qxg7 40. Rxg7+ Kxg7 41. exf5 Kf6 42. g4 d5 43. f3 h5 44. h3 Kg5 45. Kf2 Kf6 46. Ke3 Kg5 {Ke4} 47. Kd3 1-0

[Event "XVIII Najdorf Open 2018"]
[Site "Warsaw"]
[Date "2018.07.14"]
[Round "7"]
[White "Miroshnichenko, Pavel"]
[Black "Sanz Wawer, Daniel"]
[Result "0-1"]
[WhiteElo "2304"]
[BlackElo "2233"]
[Annotator "NA"]
[PlyCount "88"]
[EventDate "2018.07.08"]
[EventCountry "POL"]
[SourceTitle "playchess.com"]
[Source "ChessBase"]
[SourceQuality "1"]

1. d4 Nf6 2. Nf3 e6 3. c4 c5 4. d5 exd5 5. cxd5 d6 6. Nc3 g6 7. h3 Bg7 8. Bf4 {A61: Modern Benoni: Nf3 without early e4} O-O 9. e3 Na6 (9... Qe7 10. Nd2 Nh5 11. Bh2 f5 12. Be2 f4 13. O-O fxe3 14. Nde4 exf2+ 15. Kh1 Bxc3 16. Nxc3 {0-1 (49) Xiong,J (2665)-Caruana,F (2804) Saint Louis 2018}) 10. Nd2 Nc7 11. Nc4 b5 12. Nxd6 b4 13. Na4 Ncxd5 $146 ({Predecessor:} 13... Nfxd5 14. Bh2 Qe7 15. Nxc8 Rfxc8 16. Bxc7 Nxc7 {1-0 (72) Laznicka,V (2679)-Goletiani,R (2325) Arlington 2014}) 14. Bh2 Qe7 15. Qb3 Rd8 16. Nxc8 Raxc8 17. Ba6 Rc6 18. Bc4 Nb6 19. Nxb6 Rxb6 20. Rd1 Rxd1+ 21. Qxd1 Qe4 22. Be2 Qxg2 23. Bf3 Qg5 24. Bf4 Qf5 25. Bg2 h5 26. O-O Ne4 27. b3 Re6 28. Qd8+ Kh7 29. Qd7 a5 30. Bxe4 Qxe4 31. Qxf7 Re7 32. Qc4 Qxc4 33. bxc4 Re4 34. Rc1 a4 35. f3 Re6 36. Rb1 b3 37. a3 Rb6 38. Kf1 b2 39. Ke2 Rb3 40. e4 Bd4 41. e5 Rxa3 42. e6 Kg8 43. Kd2 Ra1 $19 (43... Rxf3 $142 44. Kc2 Rxf4) 44. Kc2 a3 0-1

[Event "XVIII Najdorf Open 2018"]
[Site "Warsaw"]
[Date "2018.07.14"]
[Round "7"]
[White "Szostko, Jakub"]
[Black "Balasubramaniam, H."]
[Result "1/2-1/2"]
[WhiteElo "2295"]
[BlackElo "2219"]
[Annotator "NA"]
[PlyCount "81"]
[EventDate "2018.07.08"]
[EventCountry "POL"]
[SourceTitle "playchess.com"]
[Source "ChessBase"]
[SourceQuality "1"]

1. e4 c5 2. Nf3 e6 3. d4 cxd4 4. Nxd4 a6 5. Bd3 Ne7 6. O-O Nbc6 7. c3 g6 8. Bg5 Bg7 9. Nxc6 bxc6 10. Qe2 d6 11. Nd2 O-O 12. Nf3 h6 13. Be3 e5 14. Rad1 Bg4 15. h3 Bxf3 16. Qxf3 Qc7 17. Bc4 Kh7 18. Qe2 f5 19. f3 a5 20. Rd2 f4 21. Bf2 g5 22. Rfd1 Rad8 23. Rd3 c5 24. Qc2 Kh8 25. Qa4 h5 26. Be6 Rf6 27. Qc4 Nc8 28. Bxc8 Rxc8 29. b4 cxb4 30. Qxc7 Rxc7 31. cxb4 axb4 32. Be1 Rc2 33. Bxb4 Rxa2 34. Rxd6 Rxd6 35. Bxd6 Ra8 36. Be7 g4 37. hxg4 hxg4 38. Rd8+ Rxd8 39. Bxd8 gxf3 40. gxf3 Kg8 41. Kg2 1/2-1/2